000 00657nam a2200193Ia 4500
003 GCL
008 140319s9999 xx 000 0 ara d
040 _aGCL /
_cGCL
082 0 4 _a810.903
_bم ق
100 1 _aمحمد حسن غانم
245 1 0 _aقراءة نفسية فى بعض ابداعات نجيب محفوظ /
_cمحمد حسن غانم
260 _aالقاهرة :
_bالمكتبة المصرية ،
_c2004
300 _a122 ص ؛
_c24 سم
490 _aالقراءة النفسية للادب
_v0
650 0 4 _aالادب
650 0 4 _aنجيب محفوظ
650 0 4 _aالادب العربى - تاريخ ونقد
942 _2ddc
_cBK
999 _c6170
_d6170